Registi che hanno ricevuto più candidature agli Oscar - Statistics

Statistiche generali
  • Questo quiz è stato fatto 31 volte
  • Il punteggio medio è 5 su 17
Statistiche sulle risposte
Candidature Edizione prima candidatura Edizione ultima candidatura Regista % Corretto
9 1981 2020 Martin Scorsese
81%
9 1978 2023 Steven Spielberg
77%
5 1941 1961 Alfred Hitchcock
73%
6 1934 1947 Frank Capra
38%
5 1936 1953 John Ford
38%
7 1987 2012 Woody Allen
38%
8 1944 1960 Billy Wilder
35%
12 1936 1965 William Wyler
19%
7 1949 1978 Fred Zinnemann
15%
5 1934 1965 George Cukor
12%
5 1944 1960 George Stevens
12%
5 1949 1986 John Huston
12%
5 1971 2002 Robert Altman
8%
7 1946 1985 David Lean
4%
5 1930 1947 Clarence Brown
0%
5 1948 1964 Elia Kazan
0%
5 1929 1957 King Vidor
0%
Nessun quiz corrispondente trovato
Distribuzione punteggi
Percentuale di utenti per punteggio
Percentile per numero di risposta
I tuoi punteggi nel tempo
Non hai fatto questo quiz